000 00529nam a2200193 4500
999 _c80546
_d80546
008 210111b ||||| |||| 00| 0 eng d
040 _aSTAFF
_bger
_cSTAFF
_erda
041 _ager
100 _aGahlbeck, Christian:
245 _aLebus /
_cChristian Gahlbeck
490 _aResidenzforschung
650 _aResidenzstadt
651 _aLebus
773 _dOstfildern: Thorbecke, 2018
_gS. 311-315
_tResidenzstädte im alten Reich 1300-1800
942 _cA